Hra čarodějů : kořeny esoterických umění /

Main Author: Poncé, Charles
Other Authors: Konečný, Antonín
Language: Czech
Published: Bratislava : CAD Press, 1995
Series: Světové duchovní proudy
Online Access: Digitalizovaný dokument
Physical Description: 166 s. : il. ; 21 cm
Book
Saved in:
LEADER 01545nam a2200397 a 4500
001 000060507
003 CZ BrMZK
005 20240430143601.0
008 950407s1995 xo e 0 cze d
020 |a 80-85349-49-3  |q (brož.) 
040 |a ABA001  |b cze  |d BOA001 
041 1 |a cze  |h eng 
072 7 |a 133  |x Ezoterismus. Okultismus  |2 Konspekt  |9 17 
080 |a 133  |2 MRF 
080 |a (048.8)  |2 MRF 
100 1 |a Poncé, Charles  |7 nlk20040160858  |4 aut 
245 1 0 |a Hra čarodějů :  |b kořeny esoterických umění /  |c Charles Poncé ; [z angličtiny přeložil Antonín Konečný] 
260 |a Bratislava :  |b CAD Press,  |c 1995 
300 |a 166 s. :  |b il. ;  |c 21 cm 
490 1 |a Světové duchovní proudy ;  |v sv. 55 
500 |a Pozn. o autorovi 
500 |a Pozn. 
504 |a Odkazy na lit. 
504 |a Bibliogr. 
650 0 7 |a esoterismus  |7 ph114484  |2 czenas 
655 7 |a monografie  |7 fd132842  |2 czenas 
700 1 |a Konečný, Antonín  |7 jx20050722021  |4 trl 
765 0 |t Game of wizards, roots of consciousness & the esoteric arts  |9 Česky 
830 0 |a Světové duchovní proudy 
856 4 1 |u http://www.digitalniknihovna.cz/mzk/uuid/uuid:4c62c950-cc19-11e6-8032-005056827e52  |y Digitalizovaný dokument  |x NDK 
910 |a BOA001  |b PK-0124.593  |b Z-1021.122 
920 |a 000069743 
990 |a BK 
995 |a 02 
996 6 |b 2610037362  |c Z-1021.122  |l MZK  |r Sklad / do 24 hodin  |n 0  |p vým  |w 000060507  |u 000020  |a 1  |e BOA001  |j MZK50  |s P 
996 7 |b 3119002610  |c PK-0124.593  |l MZK  |r Sklad / do 1 hodiny  |n 33  |p kup  |w 000060507  |u 000010  |a 1  |e BOA001  |j MZK50  |s A